[Event "Baden-ch U12"]
[Site "Karlsruhe"]
[Date "2012.01.04"]
[Round "4"]
[White "Lohrmann, Tabea"]
[Black "Bergmann, Leon"]
[Result "1-0"]
[WhiteElo "1112"]
[BlackElo "783"]
[PlyCount "139"]
[EventDate "2012.01.03"]
[EventType "swiss"]
[EventRounds "7"]
[EventCountry "GER"]
[SourceTitle "EXT 2015"]
[Source "ChessBase"]
[SourceDate "2014.11.20"]
[SourceVersion "1"]
[SourceVersionDate "2014.11.20"]
[SourceQuality "1"]

1. e4 e5 2. Nf3 Nc6 3. Bc4 Nf6 4. Nc3 Bb4 5. d3 0-0 6. 0-0 d6 7. h3 h6 8. a3 Bxc3 9. bxc3 Na5 10. Bb3 Nxb3 11. cxb3 d5 12. Re1 dxe4 13. dxe4 Nxe4 14. Qxd8 Rxd8 15. Rxe4 Rd1+ 16. Kh2 b6 17. Rxe5 Rd3 18. Re8+ Kh7 19. Ne5 Rxc3 20. h4 Bb7 21. Rxa8 Bxa8 22. b4 f6 23. Nf3 Bxf3 24. gxf3 Rxf3 25. Kg2 Rf5 26. Kg3 c5 27. bxc5 bxc5 28. Be3 a5 29. a4 g5 30. hxg5 hxg5 31. f4 gxf4+ 32. Bxf4 Rd5 33. Rc1 Rd4 34. Rxc5 Rxa4 35. Rc7+ Kg6 36. Rc6 Ra3+ 37. Kg4 a4 38. Be5 Ra2 39. Rxf6+ Kh7 40. Kg5 Rg2+ 41. Kh5 Re2 42. Bd6 Kg7 43. Kg5 Rg2+ 44. Kf5 Rf2+ 45. Bf4 a3 46. Ra6 a2 47. Ke4 Re2+ 48. Kf3 Rb2 49. Be5+ Kf7 50. Bxb2 Ke7 51. Rxa2 Kd6 52. Be5+ Kxe5 53. Ra4 Kd5 54. Re4 Kc5 55. Ke3 Kd5 56. Kd3 Kc5 57. Rd4 Kc6 58. Kc4 Kb6 59. Rd5 Kc6 60. Kd4 Kb6 61. Rc5 Kb7 62. Kc4 Kb6 63. Kb4 Ka6 64. Rb5 Ka7 65. Kc5 Ka6 66. Kc6 Ka7 67. Rb6 Ka8 68. Kc7 Ka7 69. Rg6 Ka8 70. Ra6# 1-0